Normal view
MARC view
Entry Personal Name
001 - CONTROL NUMBER
- control field: 8310
003 - CONTROL NUMBER IDENTIFIER
- control field: Ke-BoTe
005 - DATE AND TIME OF LATEST TRANSACTION
- control field: 20220614100026.0
008 - FIXED-LENGTH DATA ELEMENTS
- fixed length control field: 220614|| aca||aabn | a|a d
040 ## - CATALOGING SOURCE
- Original cataloging agency: Ke-BoTe
- Transcribing agency: Ke-BoTe
100 ## - HEADING--PERSONAL NAME
- Personal name: Schwarz, Fred,
- Dates associated with a name: 1913-
670 ## - SOURCE DATA FOUND
- Source citation: Work cat.: (Ke-BoTe)3989: Schwarz, Fred, 1913-, The heart, mind and soul of communism /, 1958, ©1952.
